Score 0/80 Timer 12:00
2 Plays Today
World Leader Country % Correct
Indira GandhiIndia
99.1%
Kim Jong-ilNorth Korea
97.7%
Charles de GaulleFrance
96.9%
Fidel CastroCuba
95.2%
Pope Benedict XVIVatican City
93.3%
HirohitoJapan
93.2%
Margaret ThatcherUnited Kingdom
93.1%
Benito MussoliniItaly
91.5%
Justin TrudeauCanada
90.8%
Warren G. HardingUnited States
89.6%
Muammar GaddafiLibya
85.3%
Saddam HusseinIraq
85.2%
Juan PerónArgentina
82.6%
Nelson MandelaSouth Africa
82.2%
Pol PotCambodia
82.2%
Ferdinand and IsabellaSpain
80.7%
Mao ZedongChina
79.3%
Lech WałęsaPoland
78.4%
Park Chung-heeSouth Korea
78.3%
Georgios PapadopoulosGreece
78.3%
Helmut KohlGermany
77.9%
Hugo ChávezVenezuela
77.9%
Nicholas IIRussia
75.5%
Augusto PinochetChile
74.5%
Benazir BhuttoPakistan
72.3%
Anwar SadatEgypt
71.1%
Idi AminUganda
70.1%
Slobodan MiloševićSerbia
69.4%
Nicolae CeaușescuRomania
68.4%
Bashar al-AssadSyria
68.4%
Robert MugabeZimbabwe
68.1%
Lê Đức AnhVietnam
66.8%
Haile SelassieEthiopia
66.8%
Golda MeirIsrael
64.4%
Abdullah bin Abdulaziz Al SaudSaudi Arabia
63.7%
Antonio López de Santa AnnaMexico
63.2%
Ruhollah KhomeiniIran
61.8%
Mustafa Kemal AtatürkTurkey
60.5%
Corazon AquinoPhilippines
56.5%
Manuel NoriegaPanama
54.8%
World Leader Country % Correct
François DuvalierHaiti
54.5%
SuhartoIndonesia
53.1%
Abdullah IIJordan
52.8%
Daniel OrtegaNicaragua
42.1%
Alberto FujimoriPeru
40.3%
Plaek PhibunsongkhramThailand
39.2%
Robert MenziesAustralia
39%
António de Oliveira SalazarPortugal
38.6%
Gustavus AdolphusSweden
38.1%
Miklós HorthyHungary
32.5%
Werner FaymannAustria
31.3%
Ante PavelićCroatia
31%
William the SilentNetherlands
28.8%
Robert MuldoonNew Zealand
26.5%
Omar al-BashirSudan
26.3%
Mobutu Sese SekoDemocratic Republic of the Congo
25.8%
Islam KarimovUzbekistan
25%
Than ShweMyanmar
23.8%
Carl Gustaf Emil MannerheimFinland
23%
Sirimavo Bandaranaike Sri Lanka
21.4%
Saparmurat NiyazovTurkmenistan
21.3%
Ellen Johnson Sirleaf Liberia
20.7%
Getúlio VargasBrazil
17.9%
Askar AkayevKyrgyzstan
16%
Abdou DioufSenegal
14.7%
Daniel arap MoiKenya
14.7%
Teodoro Obiang Nguema MbasogoEquatorial Guinea
13.9%
Ziaur RahmanBangladesh
12.3%
Ibrahim BabangidaNigeria
11.9%
Mahathir MohamadMalaysia
11.4%
Ahmed Ben BellaAlgeria
11.1%
Gustavo Rojas PinillaColombia
11%
Jean KambandaRwanda
9.5%
Jerry RawlingsGhana
9.2%
Juan Pablo DuarteDominican Republic
8.8%
Hissène HabréChad
7.6%
Moussa Dadis CamaraGuinea
6.2%
Janet JaganGuyana
5.5%
Mohamed Ould Abdel AzizMauritania
5.2%
Josefa IloiloFiji
4.5%
Remove Ads.
Support Sporcle.
Get the best of Sporcle when you Go Orange. This ad-free experience offers more features, more stats, and more fun while also helping to support Sporcle. Thank you for becoming a member.

You're not logged in!

Compare scores with friends on all Sporcle quizzes.
OR
Log In

Show Comments

Extras

Top Quizzes Today


Score Distribution

Your Account Isn't Verified!

In order to create a playlist on Sporcle, you need to verify the email address you used during registration. Go to your Sporcle Settings to finish the process.

Report this User

Report this user for behavior that violates our Community Guidelines.

Details: